[Event "EU-chT Seniors 03rd"]
[Site "Dresden"]
[Date "2001.02.27"]
[Round "2.3"]
[White "Brameyer, Hermann"]
[Black "Krawiec, Witold"]
[Result "1-0"]
[WhiteElo "2215"]
[BlackElo "2000"]
[EventDate "2001.02.26"]
[PlyCount "89"]

1.d4 d5 2.Nf3 Nf6 3.c4 e6 4.Nc3 c6 5.Bg5 Be7 6.e3 O-O 7.Qc2 Nbd7 8.Rd1 b6 
9.Bd3 dxc4 10.Bxc4 Nd5 11.Bxe7 Qxe7 12.Nxd5 cxd5 13.Bd3 Nf6 14.O-O Bb7 15.
Rc1 Rfc8 16.Qa4 Rxc1 17.Rxc1 Rc8 18.Rxc8+ Bxc8 19.Ne5 Qb7 20.Qc6 g6 21.g4 
Qxc6 22.Nxc6 Bd7 23.g5 Bxc6 24.gxf6 Kf8 25.Kg2 h6 26.Kg3 Ke8 27.h4 Kd7 28.
b4 b5 29.h5 g5 30.Bg6 Ke8 31.Bh7 Kd8 32.f4 gxf4+ 33.Kxf4 Kc7 34.Ke5 Be8 
35.e4 dxe4 36.Bxe4 Bc6 37.Bd3 a6 38.Bh7 Kd7 39.Bg8 Ke8 40.Kf4 Bd5 41.a3 
Bb7 42.Bh7 Kd7 43.Bc2 Kd6 44.Bg6 fxg6 45.hxg6 1-0

[Event "EU-chT Seniors 03rd"]
[Site "Dresden"]
[Date "2001.02.27"]
[Round "2.3"]
[White "Harzer, Paul"]
[Black "Neubert, Gerhard"]
[Result "1/2-1/2"]
[WhiteElo "2066"]
[BlackElo "1849"]
[EventDate "2001.02.26"]
[PlyCount "55"]

1.d4 e6 2.Nf3 d5 3.Nbd2 f5 4.g3 Nf6 5.Ne5 Nbd7 6.Nd3 Bd6 7.Nf3 O-O 8.Bg2 
Ne4 9.Bf4 g5 10.Bxd6 cxd6 11.c3 Rf7 12.Nd2 Nxd2 13.Qxd2 Nf8 14.h4 g4 15.
O-O-O b5 16.Kb1 a5 17.f3 Rg7 18.Rdg1 Rb8 19.fxg4 Rxg4 20.Bf3 Rg7 21.g4 
fxg4 22.Rxg4 Rxg4 23.Bxg4 Rb7 24.Qe3 Rg7 25.Qh3 Qf6 26.Bf3 Bd7 27.Qh2 Qe7 
28.Rg1 1/2-1/2

[Event "EU-chT Seniors 03rd"]
[Site "Dresden"]
[Date "2001.02.27"]
[Round "2.3"]
[White "Hellbing, Horst"]
[Black "Morgner, Siegfried"]
[Result "1-0"]
[WhiteElo "1983"]
[BlackElo "1662"]
[EventDate "2001.02.26"]
[PlyCount "71"]

1.e4 d6 2.d4 g6 3.Nc3 Bg7 4.Bg5 Nf6 5.f3 O-O 6.Qd2 c6 7.Nge2 Qa5 8.Bh6 e5 
9.h4 c5 10.d5 b5 11.g4 b4 12.Nd1 Ba6 13.Bxg7 Kxg7 14.Ne3 Nbd7 15.b3 Nb6 
16.Nf5+ Kh8 17.Qh6 Rg8 18.Nxd6 Rg7 19.Ng3 Bxf1 20.Ngf5 gxf5 21.Qxf6 Nd7 
22.Qxf5 Qa6 23.Nc4 Bxc4 24.Qxd7 Bb5 25.Qe7 f6 26.Qxc5 Rc8 27.Qf2 Rc3 28.
Rh2 Rgc7 29.Rc1 Bd3 30.Qe3 Bxc2 31.Qh6 Qd6 32.g5 Rc8 33.Rg2 Bd3 34.Rd1 Qb6
35.gxf6 R8c7 36.Rg7 1-0

[Event "EU-chT Seniors 03rd"]
[Site "Dresden"]
[Date "2001.02.27"]
[Round "2.3"]
[White "Kaden, Guenter"]
[Black "Groiss, Karl"]
[Result "1-0"]
[WhiteElo "1809"]
[BlackElo "1885"]
[EventDate "2001.02.26"]
[PlyCount "77"]

1.d4 d5 2.c4 e6 3.e3 Nf6 4.Nc3 Be7 5.Nf3 O-O 6.b3 c6 7.Bd3 Bd6 8.Bb2 Nbd7 
9.O-O e5 10.cxd5 cxd5 11.dxe5 Nxe5 12.Nxe5 Bxe5 13.h3 a6 14.Qd2 Bc7 15.Ne2
Qd6 16.f4 Qe7 17.Bd4 Bd6 18.Rad1 Bd7 19.Ng3 Ne4 20.Bxe4 Bb4 21.Qb2 dxe4 
22.Bxg7 Rfc8 23.Nh5 Rc6 24.Nf6+ Rxf6 25.Bxf6 Qe6 26.f5 Qc6 27.Qd4 Bc5 28.
Qc3 Be8 29.Bd4 Bxd4 30.Qxd4 Qh6 31.Rf4 f6 32.Rg4+ Kh8 33.Rxe4 Bc6 34.Rg4 
Re8 35.e4 Bb5 36.Re1 Re5 37.Qe3 Qh5 38.Qb6 Bc6 39.Qd8+ 1-0

[Event "EU-chT Seniors 03rd"]
[Site "Dresden"]
[Date "2001.02.27"]
[Round "2.3"]
[White "Krueger, Erich"]
[Black "Arkhangelsky, Boris"]
[Result "1-0"]
[WhiteElo "2207"]
[BlackElo "2318"]
[EventDate "2001.02.26"]
[PlyCount "113"]

1.d4 Nf6 2.c4 d6 3.Nc3 e5 4.dxe5 dxe5 5.Qxd8+ Kxd8 6.Nf3 Nbd7 7.Rg1 c6 8.
g4 Bb4 9.Bd2 Re8 10.O-O-O a5 11.g5 Ng8 12.Ne4 Bf8 13.Bh3 Kc7 14.Bxd7 Bxd7 
15.Bc3 f6 16.gxf6 gxf6 17.e3 Bf5 18.Nfd2 Bg6 19.c5 Re6 20.h4 Be7 21.Rg2 
Nh6 22.h5 Bxe4 23.Nxe4 Nf5 24.Rdg1 b6 25.cxb6+ Kxb6 26.Rg8 Rxg8 27.Rxg8 
Nd6 28.Bxa5+ Kb5 29.Rb8+ Nb7 30.Bc3 Kb6 31.Rh8 f5 32.Ng3 Nd6 33.Rxh7 f4 
34.exf4 exf4 35.Nf1 Ne4 36.Be1 Bh4 37.Rf7 Nd6 38.Rf8 Rh6 39.Nd2 Rxh5 40.
Nf3 Rc5+ 41.Kb1 Be7 42.Rxf4 Rh5 43.a4 c5 44.Bc3 Rh1+ 45.Ka2 Rf1 46.Nd2 Bg5
47.Nxf1 Bxf4 48.Nd2 Kc6 49.Kb3 Kd5 50.a5 Kc6 51.Nc4 Ne4 52.f3 Nf2 53.Be5 
Bh6 54.a6 Nd3 55.a7 Kb7 56.Bb8 Bf4 57.Nb6 1-0

[Event "EU-chT Seniors 03rd"]
[Site "Dresden"]
[Date "2001.02.27"]
[Round "2.3"]
[White "Salzmann, Helmut"]
[Black "Hauswald, Gerd"]
[Result "1-0"]
[WhiteElo "1926"]
[BlackElo "1322"]
[EventDate "2001.02.26"]
[PlyCount "61"]

1.d4 Nf6 2.Nf3 g6 3.c4 Bg7 4.Nc3 d6 5.e4 O-O 6.Be2 Nbd7 7.O-O c5 8.d5 a6 
9.a4 Nb6 10.Ne1 e6 11.a5 Nbd7 12.dxe6 fxe6 13.Qxd6 Re8 14.Nd3 Bf8 15.Qg3 
Kh8 16.e5 Ng8 17.Ne4 Qe7 18.Nd6 Bh6 19.Nxe8 Qxe8 20.f4 Ne7 21.Qh3 Ng8 22.
Be3 Bf8 23.Bg4 Nb8 24.Bxc5 Bxc5+ 25.Nxc5 Qc6 26.Nxe6 h5 27.f5 Bxe6 28.fxe6
Qc5+ 29.Kh1 Nc6 30.Bxh5 Nxe5 31.Bxg6+ 1-0

[Event "EU-chT Seniors 03rd"]
[Site "Dresden"]
[Date "2001.02.27"]
[Round "2.3"]
[White "Schulz, Guenter"]
[Black "Boeckenhaupt, Rudi"]
[Result "1/2-1/2"]
[WhiteElo "1705"]
[BlackElo "1858"]
[EventDate "2001.02.26"]
[PlyCount "58"]

1.e4 e5 2.Nf3 Nf6 3.Nc3 d6 4.d4 exd4 5.Nxd4 Bd7 6.Bd3 Nc6 7.Nxc6 Bxc6 8.
O-O Be7 9.b4 a6 10.Bb2 O-O 11.Nd5 Nxd5 12.exd5 Bd7 13.Re1 Bf6 14.Bxf6 Qxf6
15.Re3 Bg4 16.f3 Bd7 17.c3 g6 18.Qd2 Qg5 19.Qf2 Qxd5 20.Be4 Qb5 21.Rae1 c6
22.Bd3 Qb6 23.h4 Rae8 24.Rxe8 Qxf2+ 25.Kxf2 Rxe8 26.Rxe8+ Bxe8 27.g4 Bd7 
28.g5 Be6 29.a4 d5 1/2-1/2

[Event "EU-chT Seniors 03rd"]
[Site "Dresden"]
[Date "2001.02.27"]
[Round "2.3"]
[White "Winiwarter, Felix"]
[Black "Funk, Paul"]
[Result "1-0"]
[WhiteElo "2269"]
[BlackElo "2133"]
[EventDate "2001.02.26"]
[PlyCount "37"]

1.e4 e5 2.Nc3 Bc5 3.Nf3 Nc6 4.Nxe5 Bxf2+ 5.Kxf2 Nxe5 6.d4 Ng6 7.Bc4 d6 8.
Rf1 Be6 9.Bxe6 fxe6 10.Kg1 a6 11.Qg4 Qd7 12.Bg5 N8e7 13.h4 h5 14.Qg3 O-O-O
15.Rf7 Rdf8 16.Rxg7 Qe8 17.Qh3 Qd7 18.d5 Rhg8 19.dxe6 1-0

[Event "EU-chT Seniors 03rd"]
[Site "Dresden"]
[Date "2001.11.27"]
[Round "2.3"]
[White "Rost van Tonningen, Otto"]
[Black "Khanukov, Boris"]
[Result "1/2-1/2"]
[WhiteElo "2047"]
[BlackElo "2263"]
[EventDate "2001.02.26"]
[PlyCount "75"]

1.d4 d5 2.Nf3 Nf6 3.Bf4 c6 4.e3 Bf5 5.Be2 h6 6.O-O e6 7.Ne5 Nbd7 8.Bd3 
Bxd3 9.Nxd3 c5 10.dxc5 Nxc5 11.Nxc5 Bxc5 12.Nd2 O-O 13.Nb3 Be7 14.Qe2 Rc8 
15.Rfd1 Qb6 16.c3 Ne4 17.Rac1 Rc4 18.Rd4 Rfc8 19.Rcd1 Bf6 20.Rxc4 Rxc4 21.
Kf1 Ra4 22.Nc1 g5 23.Bg3 Ra5 24.f3 Nxg3+ 25.hxg3 h5 26.f4 g4 27.Kf2 e5 28.
Rh1 d4 29.Rxh5 dxe3+ 30.Kg1 Kf8 31.Kh2 exf4 32.Rxa5 Qxa5 33.Qxg4 fxg3+ 34.
Kxg3 Qe5+ 35.Kf3 Qd5+ 36.Qe4 Qh5+ 37.Qg4 Qd5+ 38.Qe4 1/2-1/2

[Event "EU-chT Seniors 03rd"]
[Site "Dresden"]
[Date "2001.02.27"]
[Round "2.4"]
[White "Bakhmatov, Eduard"]
[Black "Rodemann, Edmund"]
[Result "1-0"]
[WhiteElo "2246"]
[BlackElo "1945"]
[EventDate "2001.02.26"]
[PlyCount "79"]

1.e4 c6 2.d4 d5 3.exd5 cxd5 4.c4 Nf6 5.Nc3 Nc6 6.Bg5 Be6 7.Bxf6 gxf6 8.c5 
Qd7 9.Bb5 Bg4 10.Nge2 e6 11.Qd2 Bf5 12.Ng3 Bg6 13.O-O Bg7 14.Rad1 h5 15.h4
f5 16.Nge2 Qe7 17.g3 Qf6 18.Nf4 Kf8 19.Nce2 Qd8 20.Qe3 Qd7 21.Rfe1 Re8 22.
Qa3 Re7 23.b4 Bf6 24.Ba4 a6 25.Qf3 Kg7 26.Qe3 Rhe8 27.Nd3 Qc7 28.a3 Rd8 
29.f4 Kh7 30.Ne5 Nxe5 31.dxe5 Bg7 32.Nd4 Qc8 33.Nf3 f6 34.exf6 Bxf6 35.Rd2
Qb8 36.Ne5 Bxe5 37.Qxe5 Qxe5 38.Rxe5 Be8 39.Bc2 Kg6 40.Bxf5+ 1-0

[Event "EU-chT Seniors 03rd"]
[Site "Dresden"]
[Date "2001.02.27"]
[Round "2.4"]
[White "Barnstedt, Dietrich"]
[Black "Niedermayr, Horst"]
[Result "1/2-1/2"]
[WhiteElo "2054"]
[BlackElo "2161"]
[EventDate "2001.02.26"]
[PlyCount "112"]

1.d4 e6 2.Nf3 Nf6 3.Bg5 d6 4.Nbd2 h6 5.Bh4 g5 6.Bg3 Nh5 7.e3 Bg7 8.Bd3 
Nxg3 9.hxg3 Nc6 10.c3 Qe7 11.Qb3 e5 12.d5 Nb8 13.e4 O-O 14.O-O-O Nd7 15.
Nc4 Nc5 16.Qc2 f5 17.Ne3 f4 18.gxf4 Rxf4 19.Rde1 Bd7 20.Nf5 Bxf5 21.exf5 
Qf6 22.Be2 Qxf5 23.Qxf5 Rxf5 24.Nh2 Rxf2 25.Ng4 Rxg2 26.Nxh6+ Bxh6 27.Rxh6
Kg7 28.Rh5 Rh8 29.Rxh8 Kxh8 30.b4 Nd7 31.c4 Kg7 32.a4 Nf6 33.a5 g4 34.Kd2 
Nh5 35.Ke3 Nf4 36.Bf1 Rb2 37.b5 Ra2 38.Rc1 Rxa5 39.c5 Nxd5+ 40.Ke4 Nf6+ 
41.Kf5 d5 42.b6 axb6 43.cxb6 c5 44.Kxe5 Nd7+ 45.Kxd5 Nxb6+ 46.Kd6 c4 47.
Bg2 Nc8+ 48.Kc7 Rc5+ 49.Kxb7 Kf6 50.Bc6 g3 51.Rc3 Ne7 52.Bg2 Nf5 53.Kb6 
Rc8 54.Bb7 Rg8 55.Rxc4 g2 56.Bxg2 Rxg2 1/2-1/2

[Event "EU-chT Seniors 03rd"]
[Site "Dresden"]
[Date "2001.02.27"]
[Round "2.4"]
[White "Belov, Vadim G"]
[Black "Neese, Hans Joachim"]
[Result "1/2-1/2"]
[WhiteElo "2308"]
[BlackElo "2157"]
[EventDate "2001.02.26"]
[PlyCount "32"]

1.e4 c5 2.c3 d5 3.exd5 Qxd5 4.d4 e6 5.Nf3 Nc6 6.Be3 cxd4 7.Nxd4 Bd7 8.c4 
Qe5 9.Nc3 Nf6 10.Be2 Bb4 11.O-O O-O 12.Qd3 Rfd8 13.a3 Be7 14.Bf3 Be8 15.
Rad1 Rac8 16.Bxc6 bxc6 1/2-1/2

[Event "EU-chT Seniors 03rd"]
[Site "Dresden"]
[Date "2001.02.27"]
[Round "2.4"]
[White "Ehlert, Joachim"]
[Black "Litterst, Reinhard"]
[Result "1/2-1/2"]
[WhiteElo "1863"]
[BlackElo "1930"]
[EventDate "2001.02.26"]
[PlyCount "43"]

1.e4 c5 2.Nf3 d6 3.d4 cxd4 4.Nxd4 Nf6 5.Nc3 a6 6.Be3 Nc6 7.f3 Bd7 8.Qd2 e6
9.O-O-O Qc7 10.g4 Be7 11.h4 Rd8 12.Qf2 Nxd4 13.Bxd4 Qc6 14.g5 Nh5 15.f4 
O-O 16.Be2 Nxf4 17.Qxf4 e5 18.Bxe5 dxe5 19.Qxe5 Be6 20.Nd5 Bd6 21.Qc3 Bxd5
22.exd5 1/2-1/2

[Event "EU-chT Seniors 03rd"]
[Site "Dresden"]
[Date "2001.02.27"]
[Round "2.4"]
[White "Koller, Karl"]
[Black "Gafke, Manfred"]
[Result "1/2-1/2"]
[WhiteElo "1804"]
[BlackElo "1699"]
[EventDate "2001.02.26"]
[PlyCount "61"]

1.e4 c5 2.Nf3 d6 3.d4 cxd4 4.Nxd4 Nf6 5.Nc3 g6 6.Bc4 Bg7 7.Bg5 Bd7 8.Bb3 
O-O 9.Qd2 Nc6 10.Nxc6 Bxc6 11.f3 b5 12.a3 Qa5 13.O-O Rfd8 14.Bh6 Rd7 15.
Bxg7 Kxg7 16.Rad1 Qb6+ 17.Kh1 a5 18.Nd5 Qc5 19.Nxf6 Kxf6 20.Qf4+ Kg7 21.
Qxf7+ Kh6 22.Qf4+ Kg7 23.Qf7+ Kh6 24.Bd5 Bxd5 25.Qxd5 Rc8 26.Qe6 Rdc7 27.
c3 Rf8 28.Rd4 Rf6 29.Qd5 Qb6 30.Qb3 Rc5 31.Rfd1 1/2-1/2

[Event "EU-chT Seniors 03rd"]
[Site "Dresden"]
[Date "2001.02.27"]
[Round "2.4"]
[White "Mann, Dieter"]
[Black "Piekarz, Peter"]
[Result "1/2-1/2"]
[WhiteElo "1881"]
[BlackElo "2024"]
[EventDate "2001.02.26"]
[PlyCount "33"]

1.e4 d5 2.exd5 Qxd5 3.Nc3 Qa5 4.d4 c6 5.Nf3 Nf6 6.Bd2 Qc7 7.h3 Bf5 8.Be3 
e6 9.Bd3 Bxd3 10.Qxd3 Nbd7 11.O-O Bd6 12.Nd2 O-O 13.Nce4 Be7 14.Bg5 Nxe4 
15.Nxe4 Bxg5 16.Nxg5 Nf6 17.c3 1/2-1/2

[Event "EU-chT Seniors 03rd"]
[Site "Dresden"]
[Date "2001.02.27"]
[Round "2.4"]
[White "Starck, Bodo"]
[Black "Shabanov, Yuri"]
[Result "1/2-1/2"]
[WhiteElo "2176"]
[BlackElo "2467"]
[EventDate "2001.02.26"]
[PlyCount "86"]

1.d4 d5 2.c4 c6 3.Nf3 Bf5 4.Qb3 Qb6 5.c5 Qc7 6.Nc3 Nd7 7.Nh4 Bg6 8.f4 e6 
9.Nxg6 hxg6 10.e3 b6 11.cxb6 axb6 12.Be2 g5 13.g3 gxf4 14.exf4 Bd6 15.Be3 
g5 16.Rc1 Qb8 17.O-O Ne7 18.Bd3 f5 19.Ne2 g4 20.Rc2 Kf7 21.Kg2 Qa7 22.a3 
Qa4 23.Qxa4 Rxa4 24.Nc1 Ra7 25.Nb3 Rb8 26.Nc1 Nf6 27.Be2 Ne4 28.Nd3 c5 29.
Ne5+ Kg7 30.Rd1 c4 31.Rh1 Rh8 32.h3 gxh3+ 33.Rxh3 Rxh3 34.Kxh3 b5 35.g4 b4
36.axb4 Bxb4 37.g5 Ra2 38.Bd1 Ra1 39.Bf3 Re1 40.Re2 Rxe2 41.Bxe2 Bd2 42.
Bxd2 Nxd2 43.Bd1 Ne4 1/2-1/2

[Event "EU-chT Seniors 03rd"]
[Site "Dresden"]
[Date "2001.02.27"]
[Round "2.4"]
[White "Van Houten, Henk"]
[Black "Oelert, Ralf"]
[Result "1-0"]
[WhiteElo "1750"]
[BlackElo "1849"]
[EventDate "2001.02.26"]
[PlyCount "72"]

1.e4 e5 2.c4 f5 3.exf5 Nf6 4.d4 exd4 5.Qxd4 Nc6 6.Qe3+ Kf7 7.c5 d5 8.cxd6 
cxd6 9.Be2 Bxf5 10.Qb3+ d5 11.Qxb7+ Be7 12.Qxc6 Rc8 13.Nf3 Bd6 14.Qxc8 
Qxc8 15.O-O Re8 16.Nc3 Bb4 17.Bb5 Re7 18.Be3 Bxc3 19.bxc3 Qxc3 20.Rfc1 Qa5
21.Rc5 Qa3 22.Bd4 Bg4 23.Rc3 Qa5 24.Rc5 Qb4 25.a3 Qb3 26.Nd2 Qd1+ 27.Rxd1 
Bxd1 28.Bxf6 Kxf6 29.Kf1 Ke5 30.f3 Kd4 31.Rc1 Rb7 32.a4 a6 33.Rxd1 axb5 
34.Rb1 b4 35.Ke2 Kc3 36.Kd1 b3 1-0

[Event "EU-chT Seniors 03rd"]
[Site "Dresden"]
[Date "2001.02.27"]
[Round "2.4"]
[White "Wieckowski, Ryszard"]
[Black "Lieb, Harald"]
[Result "0-1"]
[WhiteElo "1930"]
[BlackElo "2229"]
[EventDate "2001.02.26"]
[PlyCount "76"]

1.Nf3 Nf6 2.c4 g6 3.g3 Bg7 4.Bg2 O-O 5.O-O d6 6.Nc3 Nc6 7.d3 e5 8.Bg5 h6 
9.Bxf6 Bxf6 10.Rc1 Bg7 11.a3 a5 12.Nd5 Be6 13.Qc2 Qd7 14.Rfe1 f5 15.e3 g5 
16.Qa4 Qf7 17.Nd2 Kh8 18.Qd1 Nd8 19.Qe2 c6 20.Nc3 Qd7 21.Nf3 f4 22.Ne4 g4 
23.exf4 gxf3 24.Qxf3 Bg4 25.Qe3 exf4 26.gxf4 Ne6 27.h3 Bf5 28.Qg3 Rg8 29.
Qh4 Nd4 30.Kh1 Raf8 31.Re3 Bh7 32.Ng3 Nf5 33.Nxf5 Qxf5 34.Re4 Bxb2 35.Rb1 
Qg6 36.Bf3 Bf6 37.f5 Qxf5 38.Bg4 Qxe4+ 0-1

[Event "EU-chT Seniors 03rd"]
[Site "Dresden"]
[Date "2001.02.27"]
[Round "2.4"]
[White "Zanger, Konrad"]
[Black "Schmitthoefer, Herbert"]
[Result "0-1"]
[WhiteElo "1679"]
[BlackElo "1738"]
[EventDate "2001.02.26"]
[PlyCount "110"]

1.c4 Nf6 2.d4 g6 3.Nc3 Bg7 4.e4 d6 5.Nf3 O-O 6.Be2 Re8 7.O-O c6 8.Re1 Na6 
9.a3 c5 10.d5 Nc7 11.Qc2 Bd7 12.Rb1 e6 13.e5 dxe5 14.dxe6 Nxe6 15.Be3 Nd4 
16.Qd1 Bf5 17.Rc1 Ng4 18.Nd5 Be6 19.Bxd4 exd4 20.Nf4 Bf5 21.Nd2 Nxh2 22.
Kxh2 Qh4+ 23.Kg1 Qxf4 24.Nf1 Bh6 25.Ra1 Rad8 26.Ng3 Bc8 27.Bf3 Bg7 28.
Rxe8+ Rxe8 29.Qa4 Qe5 30.Ne4 d3 31.Rd1 Rd8 32.Qa5 b6 33.Qxa7 Qxb2 34.Qe7 
Qd4 35.Ng5 Qd7 36.Qxd7 Rxd7 37.Bd5 h6 38.Ne4 Kf8 39.Rxd3 f5 40.Ng3 Bb7 41.
Ne2 g5 42.Rb3 Bxd5 43.cxd5 Rxd5 44.Rxb6 Rd1+ 45.Kh2 Rd2 46.Rb8+ Kf7 47.
Rb7+ Kf6 48.Ng3 Bf8 49.f3 Bd6 50.Rb6 h5 51.Kh3 g4+ 52.fxg4 hxg4+ 53.Kh4 
Ke5 54.Kg5 Be7+ 55.Kg6 f4 0-1

[Event "EU-chT Seniors 03rd"]
[Site "Dresden"]
[Date "2001.02.28"]
[Round "3.1"]
[White "Bednarski, Jacek B"]
[Black "Langmann, Claus"]
[Result "1-0"]
[WhiteElo "2280"]
[BlackElo "2001"]
[EventDate "2001.02.26"]
[PlyCount "79"]

1.e4 c5 2.Nf3 Nc6 3.Bb5 g6 4.O-O Bg7 5.c3 Nf6 6.Re1 O-O 7.d4 cxd4 8.cxd4 
d5 9.e5 Ne4 10.Nc3 Nxc3 11.bxc3 Bd7 12.Bd3 Na5 13.Bg5 Rc8 14.Rc1 Bg4 15.h3
Bxf3 16.Qxf3 Qd7 17.h4 h6 18.Bf4 Nc4 19.Bc2 Na3 20.e6 Qc6 21.exf7+ Rxf7 
22.Bb3 Nc4 23.Qg4 h5 24.Qg3 Rcf8 25.Bg5 Bf6 26.f3 Kh7 27.Bc2 Rg7 28.Re2 
Nd6 29.Re6 Qc8 30.Bxf6 Qxe6 31.Bxg7 Kxg7 32.Re1 Qf6 33.Re2 Rf7 34.Qe5 Nc4 
35.Qxd5 Nd6 36.Re6 Qf4 37.Rxg6+ Kf8 38.Qxh5 Qc1+ 39.Kh2 Qf4+ 40.Kh3 1-0

[Event "EU-chT Seniors 03rd"]
[Site "Dresden"]
[Date "2001.02.28"]
[Round "3.1"]
[White "Biebinger, Gerhard"]
[Black "Hunold, Rolf"]
[Result "1-0"]
[WhiteElo "2344"]
[BlackElo "1979"]
[EventDate "2001.02.26"]
[PlyCount "107"]

1.d4 Nf6 2.c4 e6 3.Nf3 b6 4.Nc3 Bb7 5.Bg5 Bb4 6.e3 h6 7.Bh4 O-O 8.Bd3 d6 
9.O-O Bxc3 10.bxc3 Nbd7 11.Nd2 Re8 12.f3 e5 13.e4 g5 14.Bf2 Nf8 15.Re1 Ng6
16.Nf1 Nf4 17.Ne3 Bc8 18.Bf1 Kh7 19.a4 Rg8 20.dxe5 dxe5 21.Qxd8 Rxd8 22.
Nd5 N6xd5 23.cxd5 h5 24.a5 Bd7 25.c4 g4 26.Re3 Rg8 27.fxg4 Bxg4 28.Kh1 
bxa5 29.h3 Bd7 30.Rf3 f5 31.exf5 Bxf5 32.Re1 Rae8 33.g3 Nxh3 34.Rxf5 Nxf2+
35.Rxf2 Rxg3 36.Rf7+ Rg7 37.Bd3+ Kg8 38.Rxg7+ Kxg7 39.Kg2 Kf6 40.Kf3 Rb8 
41.Ke4 a4 42.Rf1+ Ke7 43.Ra1 Rb4 44.Kxe5 Rb3 45.Bg6 a3 46.Bxh5 Rb4 47.Kd4 
Ra4 48.Bd1 Ra6 49.Kc5 Kd7 50.Ba4+ Ke7 51.Bb5 Ra5 52.Kb4 Rxb5+ 53.Kxb5 Kd6 
54.Rxa3 1-0

[Event "EU-chT Seniors 03rd"]
[Site "Dresden"]
[Date "2001.02.28"]
[Round "3.1"]
[White "Boehnisch, Manfred"]
[Black "Rudnik, Heinz"]
[Result "1-0"]
[WhiteElo "2265"]
[BlackElo "2089"]
[EventDate "2001.02.26"]
[PlyCount "81"]

1.e4 c5 2.Nf3 Nc6 3.Bb5 g6 4.O-O Bg7 5.c3 a6 6.Bxc6 dxc6 7.d3 Nf6 8.h3 O-O
9.Qc2 Qc7 10.Be3 b6 11.Nbd2 e5 12.Rac1 Qe7 13.b4 Nd7 14.bxc5 Nxc5 15.d4 
Nd7 16.Nxe5 Nxe5 17.dxe5 c5 18.f4 g5 19.Rb1 gxf4 20.Bxf4 b5 21.c4 b4 22.
Nf3 a5 23.Rbd1 Bb7 24.Rd6 a4 25.Rfd1 Ba6 26.R1d5 Rfc8 27.Bg5 Qe8 28.Bf6 b3
29.axb3 a3 30.Rd1 Bb7 31.Ra1 Bxf6 32.Rxf6 Rd8 33.Rf4 Qd7 34.Qc1 Kh8 35.Kh2
Rg8 36.Rxa3 Qd3 37.Rxa8 Bxa8 38.Qe1 Qxb3 39.Qh4 Qb2 40.Qf6+ Rg7 41.Rg4 1-0

[Event "EU-chT Seniors 03rd"]
[Site "Dresden"]
[Date "2001.02.28"]
[Round "3.1"]
[White "Delander, Adolf"]
[Black "Vasiukov, Evgeni"]
[Result "1/2-1/2"]
[WhiteElo "2066"]
[BlackElo "2500"]
[EventDate "2001.02.26"]
[PlyCount "94"]

1.d4 Nf6 2.Nf3 g6 3.Bg5 Bg7 4.Nbd2 h6 5.Bxf6 Bxf6 6.c3 d6 7.e4 Nd7 8.Bc4 
e5 9.dxe5 dxe5 10.O-O Qe7 11.b4 O-O 12.Re1 Rd8 13.Qc2 c6 14.a4 a5 15.b5 
Nb6 16.Be2 cxb5 17.axb5 Be6 18.c4 Rdc8 19.Rec1 Nd7 20.Nf1 Qc5 21.Qd2 g5 
22.Rxa5 g4 23.Rxa8 Rxa8 24.Ne1 Bg5 25.Ne3 Qd4 26.Rd1 Qxd2 27.Rxd2 Nc5 28.
Rd1 Nxe4 29.Bd3 Nc5 30.Nd5 e4 31.Be2 Ra2 32.Bf1 Bd2 33.Ne3 Bxe3 34.fxe3 
Kg7 35.g3 f5 36.Ng2 Rc2 37.Rd4 Nb3 38.Rd6 Bf7 39.Nh4 Nd2 40.Nxf5+ Kh7 41.
Rxh6+ Kg8 42.Be2 Nf3+ 43.Kf1 Bxc4 44.Bxc4+ Rxc4 45.Rg6+ Kf8 46.Nd4 Nxh2+ 
47.Ke2 Nf3 1/2-1/2

[Event "EU-chT Seniors 03rd"]
[Site "Dresden"]
[Date "2001.02.28"]
[Round "3.1"]
[White "Denda, Ronald"]
[Black "Dahlhaus, Friedhelm"]
[Result "0-1"]
[WhiteElo "1961"]
[BlackElo "2120"]
[EventDate "2001.02.26"]
[PlyCount "134"]

1.e4 e5 2.Nf3 Nc6 3.Bc4 Bc5 4.c3 Nf6 5.d4 exd4 6.e5 d5 7.Bb5 Ne4 8.cxd4 
Bb4+ 9.Bd2 Nxd2 10.Nbxd2 O-O 11.O-O Ne7 12.a3 Ba5 13.b4 Bb6 14.h3 Bf5 15.
Nb3 c6 16.Bd3 Qd7 17.Qc2 Bxd3 18.Qxd3 Qf5 19.Qxf5 Nxf5 20.g4 Ne7 21.Nfd2 
f5 22.f4 fxg4 23.hxg4 Ng6 24.Kh2 Rxf4 25.Rxf4 Nxf4 26.Nf3 Ne6 27.Kg3 h6 
28.Rc1 g5 29.Nc5 Bxc5 30.bxc5 Rf8 31.Rb1 Rf7 32.a4 Kg7 33.a5 a6 34.Rb3 Kg6
35.Rb1 Nf4 36.Re1 h5 37.e6 h4+ 38.Kh2 Re7 39.Re5 Rxe6 40.Rxg5+ Kh6 41.Rf5 
Re2+ 42.Kh1 Ng6 43.Rf7 Re4 44.g5+ Kh5 45.Rxb7 Kg4 46.Rb3 Rf4 47.Nh2+ Kxg5 
48.Rb6 Kf5 49.Rxa6 Rxd4 50.Rxc6 Nf4 51.Nf3 Rd3 52.Ng1 Ra3 53.a6 h3 54.Rb6 
Ra2 55.Rh6 Kg5 56.Rh7 Rxa6 57.Nxh3+ Nxh3 58.Rxh3 Rc6 59.Rc3 Kf4 60.Kg2 d4 
61.Rc4 Ke3 62.Kg1 d3 63.Rc3 Kd4 64.Rc1 d2 65.Ra1 Kc3 66.Ra3+ Kb2 67.Rd3 
Kc2 0-1

[Event "EU-chT Seniors 03rd"]
[Site "Dresden"]
[Date "2001.02.28"]
[Round "3.1"]
[White "Eskandary, Jahja"]
[Black "Rother, Martin"]
[Result "1-0"]
[WhiteElo "2142"]
[BlackElo "1859"]
[EventDate "2001.02.26"]
[PlyCount "57"]

1.e4 e5 2.Nc3 Nc6 3.Bc4 Nf6 4.d3 Be7 5.f4 a6 6.a3 exf4 7.Bxf4 d6 8.Nf3 Bg4
9.O-O Nd4 10.Qd2 Nxf3+ 11.gxf3 Be6 12.Bxe6 fxe6 13.d4 Nh5 14.Be3 e5 15.
dxe5 dxe5 16.Nd5 c6 17.Bb6 Bc5+ 18.Bxc5 cxd5 19.exd5 Nf4 20.Rae1 Qf6 21.
Rxe5+ Kf7 22.Re7+ Kg6 23.Re4 Nh3+ 24.Kh1 Ng5 25.Rf4 Qe5 26.Re1 Qc7 27.Qd3+
Kh5 28.Qf5 Rhe8 29.Rh4+ 1-0

[Event "EU-chT Seniors 03rd"]
[Site "Dresden"]
[Date "2001.02.28"]
[Round "3.1"]
[White "Kahn, Manfred"]
[Black "Stavenhagen, Johannes"]
[Result "0-1"]
[WhiteElo "2107"]
[BlackElo "1862"]
[EventDate "2001.02.26"]
[PlyCount "111"]

1.d4 Nf6 2.c4 e6 3.Nc3 d5 4.Bg5 Be7 5.e3 h6 6.Bxf6 Bxf6 7.Nf3 O-O 8.Rc1 
Nc6 9.a3 a5 10.Bd3 Re8 11.O-O Ne7 12.e4 dxe4 13.Bxe4 Bd7 14.Ne5 Bxe5 15.
dxe5 Bc6 16.Qe2 Bxe4 17.Qxe4 c6 18.Rfd1 Qc7 19.g3 Rad8 20.Kg2 Ng6 21.f4 
Qb6 22.Qe2 Ne7 23.Ne4 Nf5 24.Kh3 Rd4 25.c5 Qb3 26.Rxd4 Nxd4 27.Qf2 Nf5 28.
Nd6 Re7 29.Rc3 Qd5 30.g4 Nxd6 31.cxd6 Rd7 32.Qe3 Qd1 33.Qd3 Qe1 34.b4 g5 
35.Qf3 gxf4 36.bxa5 Qxe5 37.a6 bxa6 38.Rxc6 Rxd6 39.Rc4 Rd4 40.Rxd4 Qxd4 
41.Qa8+ Kg7 42.Qxa6 Qe3+ 43.Kg2 e5 44.a4 f3+ 45.Kf1 e4 46.Qb5 Qc1+ 47.Kf2 
Qd2+ 48.Kg3 Qg2+ 49.Kf4 Qxh2+ 50.Ke3 Qg1+ 51.Kxe4 Qxg4+ 52.Ke3 f5 53.Qb7+ 
Kg6 54.a5 f4+ 55.Kd3 Qf5+ 56.Qe4 0-1

[Event "EU-chT Seniors 03rd"]
[Site "Dresden"]
[Date "2001.02.28"]
[Round "3.1"]
[White "Kunath, Emil"]
[Black "Alter, Helmut"]
[Result "1/2-1/2"]
[WhiteElo "1671"]
[BlackElo "1784"]
[EventDate "2001.02.26"]
[PlyCount "53"]

1.d4 d5 2.Nc3 f5 3.Bg5 Nf6 4.Bxf6 exf6 5.e3 c6 6.Bd3 Bd6 7.Qf3 g6 8.Nge2 
Qe7 9.h4 h5 10.O-O-O Be6 11.Nf4 Bf7 12.Nce2 Nd7 13.c3 Kd8 14.Ng3 a5 15.Kb1
b5 16.Rc1 Nb6 17.Bc2 Nc4 18.Rhd1 a4 19.Nd3 b4 20.cxb4 Bxb4 21.Qe2 Qb7 22.
Nxb4 Qxb4 23.Bd3 Rb8 24.Bxc4 dxc4 25.Qd2 Qb5 26.Qc3 Ke7 27.Ne2 1/2-1/2

[Event "EU-chT Seniors 03rd"]
[Site "Dresden"]
[Date "2001.02.28"]
[Round "3.1"]
[White "Rosen, Willy"]
[Black "Uhlmann, Wolfgang"]
[Result "0-1"]
[WhiteElo "2263"]
[BlackElo "2412"]
[EventDate "2001.02.26"]
[PlyCount "73"]

{Schach Magazin 64 Heft 6/2001 Seite 157} 
1.e4 e6 2.d4 d5 3.e5 c5 4.c3 Nc6 5.Nf3 Qb6 6.a3 c4 7.g3 f6 8.exf6 Nxf6 9.
Bg2 Bd6 10.O-O O-O 11.Qe2 Bd7 12.Ne5 Rae8 13.Nd2 Re7 14.f4 Be8 15.Bh3 Bxe5
16.fxe5 Nd7 17.Rxf8+ Nxf8 18.Nf3 Bh5 {Das franz@ sische Sorgenkind, den 
weissfeldrigen Läufer, hat Uhlmann - ein Experte dieser Er@er ffnung - 
mustergültig ins Spiel gebracht und der übernimmt das Heft des Handelns.} 
19.Be3 Rf7 20.g4 Bg6 21.Ng5 Re7 22.Bf1 Qd8 23.h4 h6 24.Nh3 Rf7 25.h5 Bd3 
26.Qh2 Qh4 27.Qg2 Be4 28.Bf2 Bxg2 29.Bxh4 Rxf1+ 30.Rxf1 Bxh3 {Der Druck 
hat ersten Materialgewinn gebracht.} 31.Rf4 g5 32.hxg6 Nxg6 33.Rf6 Kg7 34.
g5 h5 35.Kh2 Bf5 36.Be1 Nce7 37.Bd2 {und angesichts des verlorengehenden 
Turms gab Weiss hier auf. Der erste Sieg für Uhlmann im Turnier nach 
starker Leistung!} 0-1

[Event "EU-chT Seniors 03rd"]
[Site "Dresden"]
[Date "2001.02.28"]
[Round "3.1"]
[White "Rotstein, Jefim"]
[Black "Weber, Bernd"]
[Result "1-0"]
[WhiteElo "2344"]
[BlackElo "2146"]
[EventDate "2001.02.26"]
[PlyCount "107"]

1.d4 Nf6 2.Nf3 e6 3.e3 c5 4.Bd3 Nc6 5.O-O d5 6.b3 cxd4 7.exd4 Bd6 8.Bb2 
O-O 9.a3 Ne4 10.c4 f5 11.b4 Rf6 12.Nc3 Nxd4 13.Bxe4 Nxf3+ 14.Bxf3 Bxh2+ 
15.Kxh2 Rh6+ 16.Bh5 Qh4+ 17.Kg1 Rxh5 18.f3 Qh2+ 19.Kf2 Qh4+ 20.Ke2 Rg5 21.
Rf2 Qxc4+ 22.Qd3 Qc7 23.Rc1 Qf7 24.f4 Rg4 25.Nd1 a6 26.Kd2 Bd7 27.Rc7 Bb5 
28.Rxf7 Bxd3 29.Rxb7 Be4 30.Ne3 Rg3 31.Re7 Rg6 32.Bd4 Kf8 33.Bc5 Kg8 34.
Ra7 Rxa7 35.Bxa7 Rf6 36.Kc3 Rf7 37.Bc5 h6 38.Kd4 Rb7 39.a4 Kf7 40.Ke5 g5 
41.g3 Rb8 42.Rh2 gxf4 43.gxf4 Rh8 44.Nc2 h5 45.Nd4 h4 46.b5 axb5 47.axb5 
h3 48.b6 Bg2 49.b7 Kg6 50.Nc6 d4 51.Rxg2+ hxg2 52.Bxd4 Kh5 53.b8=Q Rxb8 
54.Nxb8 1-0